Normas Chilenas de Acústica.
Guardat en:
| Autor corporatiu: | |
|---|---|
| Format: | Llibre |
| Idioma: | espanyol |
| Publicat: |
Santiago, Chile
INN
1971
|
| Matèries: | |
| Etiquetes: |
Afegir etiqueta
Sense etiquetes, Sigues el primer a etiquetar aquest registre!
|
MARC
| LEADER | 00000nam a2200000 a 4500 | ||
|---|---|---|---|
| 001 | UCT0492 | ||
| 003 | CL-VaPUC | ||
| 005 | 20250115112932.0 | ||
| 008 | 960905e19710000CL |||||||||||||||||spa|d | ||
| 999 | |c 251447 |d 251445 | ||
| 040 | |c Pontificia Universidad Católica de Valparaíso | ||
| 082 | 0 | 4 | |a 620.2 INS 1971 |2 21 |
| 110 | 2 | |a Instituto Nacional de Normalización |9 369150 | |
| 245 | 1 | 0 | |a Normas Chilenas de Acústica. |
| 246 | 1 | 0 | |a NCh 26 EOf 71: Física - acústica - magnitudes y unidades |
| 246 | 1 | 0 | |a NCh 352 Of 61: Condiciones acústicas que deben cumplir los edificios |
| 246 | 1 | 0 | |a NCh 849 Of 87: Aislación térmica - transmisión térmica - terminología, magnitudes, unidades y símbolos |
| 246 | 1 | 0 | |a NCh 850 Of 83: Aislación térmica - método para la determinación de la conductividad térmica en estado estacionario por medio del anillo de guarda |
| 246 | 1 | 0 | |a NCh 851 Of 83: Aislación térmica - determinación de coeficientes de transmisión térmica por el método de la cámara térmica |
| 246 | 1 | 0 | |a NCh 852 EOf 71: Acondicionamiento ambiental - materiales de construcción - determinación de la permeabilidad al vapor de agua |
| 260 | 0 | 3 | |a Santiago, Chile |b INN |c 1971 |
| 300 | |a 64 páginas | ||
| 583 | |a last modification |c 20170406 02:51:42 |k Rodrigo Vera | ||
| 650 | 0 | |a Acústica |9 265389 | |
| 650 | 0 | |a Ondas sonoras |9 322250 | |
| 650 | 0 | |a Física |9 227844 | |
| 650 | 0 | |a Propagación de ondas |9 263256 | |
| 650 | 0 | |a Mecánica |9 260096 | |
| 650 | 0 | |a Diseño arquitectónico |9 265271 | |
| 942 | |c BK |2 ddc | ||
| 945 | |d 19960905 00:00:00 |a paguirre | ||
| 952 | |0 0 |1 0 |2 ddc |4 0 |6 620_200000000000000_INS_1971 |7 0 |8 X |9 270575 |a BIBING |b BIBING |d 2019-11-19 |i 1745301 |o 620.2 INS 1971 |p 1745301 |r 2025-01-20 |t 1 |w 2019-11-19 |y BK_X |k CCL | ||